| 000 | 01291 a2200217 4500 | ||
|---|---|---|---|
| 001 | 46011 | ||
| 005 | 20260407155733.0 | ||
| 008 | 260407a1965 arg spa d | ||
| 003 | AR-UNSa-BCEJYS | ||
| 040 |
_aAR-UNSa-BCEJYS _bspa _cAR-UNSa-BCEJYS |
||
| 080 |
_a001.5 _xTeorías científicas. hipótesis y sistemas. relaciones entre los hechos científicos |
||
| 245 | 1 | 0 | _aLa explicación científica |
| 264 | 1 |
_aMadrid : _bTecnos _c1965 |
|
| 300 |
_a410 p. _c23 cm. |
||
| 505 | _a1. Introducción – 2. Los sistemas deductivos de la ciencia y sus representaciones – 3. La condición de los términos teoréticos de una ciencia – 4. Los modelos de las teorías científicas, su uso y abuso – 5. Hipótesis estadísticas, enunciados probabilitarios y aritmética de razones de clase – 6. El significado de los enunciados probabilitarios dentro de un sistema científico – 7. La elección entre hipótesis estadísticas – 8. La justificación de la inducción – 9. Las leyes de la naturaleza y la casualidad – 10. Explicación casual y explicación teleológica – 11. La explicación de las leyes científicas. | ||
| 041 | _aspa | ||
| 942 | _cBK | ||
| 590 | _aniveau_biblio:m niveau_hierar:0 | ||
| 100 | 1 | _aSanchez de Zavala, Víctor | |
| 700 | 1 | _aBraithwaite, Richard B. | |
| 999 |
_c4113 _d4113 |
||